| 000 | 00739nam a2200241 a 4500 | ||
|---|---|---|---|
| 001 | 13970 | ||
| 003 | BD-JhCC | ||
| 005 | 20240519174817.0 | ||
| 008 | 171125s20042007bg |||| |a|| 000 0 ben d | ||
| 020 | _a9844220414 | ||
| 035 | _a(BD-JhCC)13970 | ||
| 040 |
_aBD-JhCC _dBD-JhCC |
||
| 041 | _aben | ||
| 082 |
_a613.4 _bISL 2007 |
||
| 100 | _aইসলাম, জুলফিয়া | ||
| 245 |
_aদাম্পত্য সুখে জিজ্ঞাসা / _cজুলফিয়া ইসলাম। |
||
| 260 |
_aঢাকা : _bবিদ্যা প্রকাশ, _c2007. |
||
| 300 |
_a76 p. : _c22 cm. |
||
| 650 | _aChild Care | ||
| 650 |
_aPersonal hygiene _zSafety and first aid |
||
| 942 |
_2ddc _cBK |
||
| 999 |
_c13970 _d13970 |
||